000 01424nam a2200337 c 4500
003 BLK
005 20240731144934.0
008 180411b bul|||||r ||||||| ||bul||
010 _aKNG00188608000
040 _aBLK
041 _aBUL
_cBUL
080 _aАмериканска литература (на САЩ)
_b821.111(73)
_x-31
_z821.111(73)-31
100 1 _aМичъл, Маргарет
_eпърви автор
_9259287
700 1 _aПалиевски, Пьотър
_eпредг. от на том
_9105769
700 _aБаева, Надя Димитрова
_eпрев. от англ.
_9383768
139 _aМичъл, Маргарет
_bМ 76
245 1 0 _aОтнесени от вихъра
_bКн. 1 - 2
_cМаргарет Мичъл; прев. от англ. Надя Димитрова Баева; предг. от на том Пьотър Палиевски.
_nКн. 1
257 _aUSA
260 София
_bНар. култура
_c1986
300 _c21 см
380 _aX
500 _aОриг. загл. Done With the Wind / Margaret Mitchell. - 101 125 тир.
653 _aромани
760 1 _aМичъл, Маргарет
_d1986
_h607 с.
_tКн. 1
852 _aЦб 144666
856 4 _qpdf
_u
856 4 _qpdf
_u
942 _cKNG
_n0
_026
944 _aCR
_c22.06.2016
_lЦветелина Шанова
_k30531
944 _aED
_c26.04.2017
_lф /
_kКети_Илиева
999 _c179803
_d179803